000 00696nam a2200289Ia 4500
005 20260324135058.0
008 008 260324s9999 xx 000 0 eng d
020 _a9781003073451
037 _aEBOOK
040 _aCRL
040 _beng
040 _cCRL
041 _2eng
041 _aeng
084 _qCRL
100 _aP. McAllister
_91199251
245 0 _aBuilding the Homestead
245 0 _bAgriculture, Labour and Beer in South Africa's Transkei
260 _bTaylor and Francis
260 _c2001
365 _a
365 _b130
856 _uhttp://www.taylorfrancis.com/books/9781003073451
942 _cEBOOK
999 _c1799964
_d1799964